Rzadkie flagi - Statystyki

Ogólne statystyki
  • Ten quiz został rozwiązany 390 razy
  • Średni wynik to 3 z 12
Statystyki odpowiedzi
Obrazkowy Odpowiedź % Poprawnych
Makau
80%
Moskwa
63%
Half-Life
37%
Sint Maarten
24%
Saint Pierre i Miquelon
22%
Katmand
12%
Bejrut
5%
Leszno
4%
Palmyra
4%
Sanok
4%
Dżuba
1%
Żory
1%
Nie znaleziono quizów pasujących do podanych kryteriów
Rozkład punktacji
Procent ludzi z każdym wynikiem
Percentyl według liczby udzielonych odpowiedzi
Twoja historia wyników
Nie rozwiązałeś tego quizu